| 000 | 01014nam a22002537a 4500 | ||
|---|---|---|---|
| 005 | 20170124102949.0 | ||
| 010 | _aB-053010 | ||
| 020 |
_c500.00 _a8170557682 |
||
| 035 | _aB-053010 | ||
| 037 | _bCen Lib/Ret | ||
| 040 |
_aDPL _bHN |
||
| 082 |
_a821.08 _bअशोक |
||
| 245 |
_aअशोक वाजपेयी : _cसंपादक मदन सोनी _bचुनी हुई रचनाएँ / |
||
| 246 |
_aAshok vajpeyi : chuni hui rachnayen _bsampadak Madan Soni |
||
| 260 |
_aनई दिल्ली _bवाणी प्रकाशन _c2001 |
||
| 270 |
_a21-ए , दरिया गंज _bनई दिल्ली _e110002 |
||
| 300 |
_a271पृष्ठ. _c20सेमी (सजिल्द) |
||
| 650 |
_aहिंदी साहित्य _951114 |
||
| 650 |
_aहिंदी काव्य _951115 |
||
| 650 |
_aHindi literature _951116 |
||
| 650 |
_ahindi poetry _951117 |
||
| 700 | _950544 | ||
| 942 |
_2ddc _cHN _h821.08 _mअशोक |
||
| 999 |
_c113206 _d113206 |
||